[Event "Women's Speed Chess Q5"]
[Site "chess.com INT"]
[Date "2020.06.22"]
[Round "2"]
[White "Tereladze, Sopiko"]
[Black "Kubicka, Anna"]
[Result "1/2-1/2"]
[WhiteTitle "WIM"]
[BlackTitle "WIM"]
[WhiteElo "2141"]
[BlackElo "2256"]
[WhiteFideId "13600486"]
[BlackFideId "1152254"]
[EventDate "2020.06.22"]

1. d4 Nf6 2. Nf3 g6 3. Bf4 Bg7 4. e3 O-O 5. Be2 d6 6. h3 Nbd7 7. O-O Re8 8. c3
c6 9. Bh2 b6 10. a4 Bb7 11. Na3 Qc7 12. Qc2 Rad8 13. Rad1 e5 14. dxe5 Nxe5 15.
Nc4 Nxc4 16. Bxc4 Qe7 17. Rfe1 d5 18. Bd3 c5 19. c4 dxc4 20. Bxc4 Bxf3 21. gxf3
Nh5 22. b3 Qh4 23. Kg2 Qg5+ 24. Kh1 Qf6 25. Kg2 Bh6 26. Rxd8 Rxd8 27. Rd1 Ng7
28. Rxd8+ Qxd8 29. Qd3 Qg5+ 30. Kf1 Nf5 31. Bf4 Qf6 32. Bxh6 Nxh6 33. Ke2 Nf5
34. f4 Nd6 35. Qd5 Kg7 36. Kf3 Nf5 37. Qe5 Ne7 38. Qxf6+ Kxf6 39. e4 Nc6 40. e5+
Ke7 41. Ke4 Nd4 42. h4 h5 43. Kd5 Kd7 44. Ke4 Ke7 45. Kd5 Kd7 46. Ke4 Ke8 47.
Kd5 Kd7 1/2-1/2

[Event "Women's Speed Chess Q5"]
[Site "chess.com INT"]
[Date "2020.06.22"]
[Round "2"]
[White "Goryachkina, Aleksandra"]
[Black "Gevorgyan, Maria"]
[Result "1/2-1/2"]
[WhiteTitle "GM"]
[BlackTitle "WGM"]
[WhiteElo "2582"]
[BlackElo "2228"]
[WhiteFideId "4147103"]
[BlackFideId "13300270"]
[EventDate "2020.06.22"]

1. e4 c5 2. Nf3 Nc6 3. Bb5 g6 4. O-O Bg7 5. Re1 Nf6 6. e5 Nd5 7. Nc3 Nc7 8. Bxc6
dxc6 9. Ne4 b6 10. Nf6+ Kf8 11. Ne4 Bg4 12. h3 Bxf3 13. Qxf3 Bxe5 14. Nxc5 Qd6
15. Rxe5 bxc5 16. Qc3 f6 17. Rxc5 Nd5 18. Qa3 Qe6 19. Kf1 Kg7 20. d4 Rhd8 21.
Bd2 Rd7 22. Re1 Qd6 23. Kg1 Nc7 24. Be3 Nb5 25. Qa4 Kf7 26. c4 Nxd4 27. Bxd4
Qxd4 28. Qxc6 Rd6 29. Qxa8 Qxc5 30. b3 Rd2 31. Qf3 Rxa2 32. Re2 Ra1+ 33. Kh2
Qd6+ 34. g3 Qd1 35. Qd5+ Qxd5 36. cxd5 Rd1 37. Ra2 Rxd5 38. Rxa7 Rb5 39. Ra3 Ke6
40. Kg2 Kd5 41. Kf3 h6 42. Ke2 Kd4 43. Kd2 Ke4 44. Ke2 Kd4 45. Kd2 Ke4 46. Ke2
Kd4 1/2-1/2

[Event "Women's Speed Chess Q5"]
[Site "chess.com INT"]
[Date "2020.06.22"]
[Round "2"]
[White "Gaponenko, Inna"]
[Black "Shuvalova, Polina"]
[Result "1/2-1/2"]
[WhiteTitle "IM"]
[BlackTitle "WGM"]
[WhiteElo "2396"]
[BlackElo "2454"]
[WhiteFideId "14101181"]
[BlackFideId "24171760"]
[EventDate "2020.06.22"]

1. e4 c6 2. d4 d5 3. exd5 cxd5 4. c4 Nf6 5. Nc3 e6 6. Nf3 Bb4 7. cxd5 Nxd5 8.
Bd2 O-O 9. Bd3 Nc6 10. O-O Be7 11. Nxd5 exd5 12. Qb3 Rb8 13. h3 Be6 14. Rac1 Bf6
15. Bf4 Rc8 16. Qxb7 Nxd4 17. Ne5 Qb6 18. Qxb6 axb6 19. b3 h6 20. Ng4 Bxg4 21.
hxg4 Rfe8 22. Be3 g6 23. Rxc8 Rxc8 24. Rc1 Rxc1+ 25. Bxc1 Kg7 26. Be3 g5 27. Kf1
Be5 28. Bxd4 Bxd4 29. a4 Kf6 30. Bb5 Ke5 31. Be8 f6 32. Bf7 Bc5 33. Ke2 Kd4 34.
f3 Ke5 35. Kd3 Bb4 36. Ke2 Bc3 37. Kd3 Ba5 38. Ke2 Kd4 39. Bg8 Bb4 40. Bf7 Ke5
41. Kd3 Ba5 42. Ke2 Kd6 43. Kd3 Kc5 44. Be6 Be1 45. Ke2 Bg3 46. Kd3 Be5 47. Bf7
Kd6 48. Bg8 Kc5 49. Bf7 Bg3 50. Bg8 Be5 51. Bf7 1/2-1/2

[Event "Women's Speed Chess Q5"]
[Site "chess.com INT"]
[Date "2020.06.22"]
[Round "2"]
[White "Ismayil, Malak"]
[Black "Bogumil, Tatiana"]
[Result "1-0"]
[WhiteTitle "WCM"]
[BlackTitle "WGM"]
[WhiteElo "1997"]
[BlackElo "2182"]
[WhiteFideId "13412604"]
[BlackFideId "4110579"]
[EventDate "2020.06.22"]

1. e4 e6 2. d4 d5 3. Nd2 dxe4 4. Nxe4 Bd7 5. Nf3 Bc6 6. Bd3 Nd7 7. O-O Ngf6 8.
Bg5 Be7 9. Bxf6 Nxf6 10. Nxf6+ Bxf6 11. c3 O-O 12. Qe2 Bxf3 13. Qxf3 c6 14. Rad1
Qd5 15. Qh3 g6 16. b3 Qa5 17. Rc1 Qxa2 18. Bc2 Qa5 19. b4 Qg5 20. f4 Qd5 21.
Rce1 Bg7 22. Be4 Qc4 23. g4 f5 24. Bb1 a5 25. bxa5 Rxa5 26. Qe3 Ra3 27. Qxe6+
Qxe6 28. Rxe6 Rxc3 29. gxf5 Bxd4+ 30. Kh1 gxf5 31. Rd6 c5 32. Ba2+ Kh8 33. Bd5
b5 34. Re1 Re3 35. Rb1 b4 36. Bc4 Re7 37. Rd1 Rg7 38. h3 Re8 39. Be6 Rf8 40. Rd5
Re7 41. Bxf5 Rxf5 42. Rxf5 b3 43. Rxd4 1-0

[Event "Women's Speed Chess Q5"]
[Site "chess.com INT"]
[Date "2020.06.22"]
[Round "2"]
[White "Hoang, Thi Bao Tram"]
[Black "Rakhmangulova, Anastasiya"]
[Result "1-0"]
[WhiteTitle "WGM"]
[BlackTitle "WIM"]
[WhiteElo "2288"]
[BlackElo "2191"]
[WhiteFideId "12401102"]
[BlackFideId "14117479"]
[EventDate "2020.06.22"]

1. d4 d5 2. Nf3 Nf6 3. c3 c5 4. Bf4 Nc6 5. e3 e6 6. Nbd2 Bd6 7. Bg3 O-O 8. Bd3
b6 9. Ne5 Bb7 10. f4 Ne7 11. Qf3 cxd4 12. exd4 Nf5 13. Bf2 Be7 14. Bxf5 exf5 15.
Qh3 g6 16. O-O Ne4 17. Ndf3 f6 18. Nd3 Bd6 19. Rfe1 Ba6 20. Rad1 Bxd3 21. Rxd3
Bxf4 22. Be3 Bxe3+ 23. Rdxe3 Qc7 24. Nd2 Rae8 25. Nf1 f4 26. R3e2 f5 27. Qd3 Nd6
28. Re5 Ne4 29. Rxd5 Qf7 30. Re5 Qxa2 31. Nd2 Rxe5 32. dxe5 Nc5 33. Qd6 Qe6 34.
Qd4 Qe7 35. Nf3 Ne6 36. Qc4 Qc5+ 37. Qxc5 Nxc5 38. Nd4 Nd3 39. Re2 Re8 40. e6
Kg7 41. Rd2 Nc5 42. Re2 Kf6 43. e7 Ne4 44. Nc6 a5 45. Re1 Ke6 46. Rd1 1-0

[Event "Women's Speed Chess Q5"]
[Site "chess.com INT"]
[Date "2020.06.22"]
[Round "2"]
[White "Danielian, Elina"]
[Black "Filippova, Margarita"]
[Result "1-0"]
[WhiteTitle "GM"]
[BlackTitle "WFM"]
[WhiteElo "2407"]
[BlackElo "1931"]
[WhiteFideId "13300210"]
[BlackFideId "34199680"]
[EventDate "2020.06.22"]

1. d4 Nf6 2. Bg5 d5 3. Bxf6 gxf6 4. e3 e5 5. c4 Be6 6. Nc3 Bb4 7. dxe5 fxe5 8.
cxd5 Bxc3+ 9. bxc3 Qxd5 10. Qc2 Nc6 11. Nf3 e4 12. Nd4 Nxd4 13. cxd4 Qa5+ 14.
Qd2 Qxd2+ 15. Kxd2 O-O 16. Rc1 c6 17. Bc4 Bxc4 18. Rxc4 Rfd8 19. Rb1 Rab8 20.
Ke2 Kf8 21. h4 Ke7 22. g4 Rd6 23. Rc5 Rd5 24. Rxc6 Ra5 25. Rc2 b6 26. f3 exf3+
27. Kxf3 Rg8 28. Rc7+ Ke6 29. Rbc1 Rxa2 30. e4 Rd8 31. R1c6+ Rd6 32. d5+ Ke5 33.
Re7+ Kf6 34. Rxf7+ Kxf7 35. Rxd6 a5 36. Rxb6 a4 37. Ra6 a3 38. Kf4 Ra1 39. Ke5
a2 40. g5 Ke8 41. h5 Kf7 42. Ra7+ Kg8 43. d6 Kf8 44. Ke6 Re1 45. Rxa2 Rxe4+ 46.
Kd7 Kf7 47. Rf2+ Kg7 48. Kc7 Rc4+ 49. Kd8 Rc5 50. d7 Rxg5 51. Rf4 Rxh5 52. Ke7
Re5+ 53. Kd6 1-0

[Event "Women's Speed Chess Q5"]
[Site "chess.com INT"]
[Date "2020.06.22"]
[Round "2"]
[White "Zakirova, Aisha"]
[Black "Luong, Phuong Hanh"]
[Result "0-1"]
[WhiteTitle "WCM"]
[BlackTitle "WIM"]
[WhiteElo "1585"]
[BlackElo "2230"]
[WhiteFideId "13719734"]
[BlackFideId "12401013"]
[EventDate "2020.06.22"]

1. d4 Nf6 2. c4 g6 3. Nc3 d5 4. e3 Bg7 5. Qb3 dxc4 6. Bxc4 O-O 7. Nf3 Nc6 8. Bd3
Be6 9. Qxb7 Qd7 10. Bb5 Na5 11. Qxa8 c6 12. Ne5 Qc7 13. Qxf8+ Bxf8 14. Be2 Nd7
15. Nxd7 Bxd7 16. O-O e5 17. Bd2 Nb7 18. Rac1 Qb6 19. Rfd1 exd4 20. exd4 Bf5 21.
g4 Be6 22. Bf3 Qxd4 23. Bg5 Qb4 24. Bxc6 Qxg4+ 25. Kh1 Qxg5 26. Bxb7 Qe5 27. Bg2
Bd6 28. Rxd6 Qxd6 29. Rd1 Qb6 30. b3 Qxf2 31. Ne4 Qf4 32. Rf1 Qe5 33. Nf6+ Kg7
34. Ne8+ Kf8 35. Nf6 Qb2 36. Nxh7+ Kg7 37. Nf6 Qxa2 38. Ne8+ Kf8 39. Nf6 Qxb3
40. Nh7+ Ke7 41. Nf6 a5 42. Ng8+ Kf8 43. Nf6 a4 44. Nh7+ Kg7 45. Nf6 Qb5 46. Rf2
a3 47. Bf1 Qb3 48. Ne8+ Kf8 49. Nd6 Qd5+ 50. Bg2 Qxd6 0-1

[Event "Women's Speed Chess Q5"]
[Site "chess.com INT"]
[Date "2020.06.22"]
[Round "2"]
[White "Vijayalakshmi, Subbaraman"]
[Black "Muminova, Nafisa"]
[Result "1-0"]
[WhiteTitle "IM"]
[BlackTitle "WGM"]
[WhiteElo "2332"]
[BlackElo "2274"]
[WhiteFideId "5004098"]
[BlackFideId "14201526"]
[EventDate "2020.06.22"]

1. Nf3 d5 2. g3 Bg4 3. Bg2 c6 4. O-O Nd7 5. d4 Ngf6 6. Nbd2 e6 7. c4 Bd6 8. Qc2
O-O 9. e4 dxe4 10. Nxe4 Nxe4 11. Qxe4 Nf6 12. Qc2 Re8 13. Be3 Rc8 14. Rfe1 b6
15. Rad1 Qe7 16. h3 Bh5 17. a3 c5 18. d5 exd5 19. cxd5 Qb7 20. g4 Bg6 21. Qc1
Be4 22. Bg5 Nxd5 23. Rxe4 Rxe4 24. Nh4 Rd4 25. Nf5 Be5 26. Nxd4 Bxd4 27. Qc4 h6
28. Bxd5 Qc7 29. Bh4 Re8 30. Kg2 Qd7 31. Bf3 b5 32. Qd3 Qe6 33. Bg3 Rd8 34. Qxb5
Qf6 35. Qd3 a5 36. b4 axb4 37. axb4 Re8 38. bxc5 Bxc5 39. Qc4 Bb6 40. Rd6 Qb2
41. Bd5 Rf8 42. Rd7 Qf6 43. Qb3 Bd4 44. Rd6 Qg5 45. Rd7 Qf6 46. Rd6 Qg5 47. Bc4
Be5 48. Rd5 f6 49. Rxe5+ Kh8 50. Rxg5 1-0

[Event "Women's Speed Chess Q5"]
[Site "chess.com INT"]
[Date "2020.06.22"]
[Round "2"]
[White "Sliwicka, Alicja"]
[Black "Zhao, Xue"]
[Result "0-1"]
[WhiteTitle "WIM"]
[BlackTitle "GM"]
[WhiteElo "2317"]
[BlackElo "2486"]
[WhiteFideId "1150677"]
[BlackFideId "8601283"]
[EventDate "2020.06.22"]

1. e4 c6 2. d4 d5 3. e5 c5 4. dxc5 Nc6 5. Nf3 e6 6. Be3 Nge7 7. c3 Ng6 8. Bd4
Be7 9. Bb5 O-O 10. O-O Qc7 11. Bxc6 bxc6 12. Nbd2 a5 13. b4 f6 14. Re1 Nf4 15.
Nf1 Ba6 16. a4 Qd7 17. Re3 Rab8 18. Rb1 Bc4 19. h3 Rf7 20. N1h2 Rbf8 21. Qd2 f5
22. Ree1 g5 23. Be3 Nd3 24. Nxg5 Bxg5 25. Bxg5 Nxe1 26. Rxe1 Rb8 27. Re3 Rg7 28.
Nf3 Qb7 29. Nd4 Rxg5 30. Nxe6 Rg6 31. Nf4 axb4 32. Nxg6 hxg6 33. Rg3 Kg7 34.
cxb4 Qe7 35. Qc3 Re8 36. f4 Qa7 37. e6+ Kh7 38. Qf6 Qg7 39. Qh4+ Kg8 40. a5 Rxe6
41. Qd8+ Qf8 42. Qd7 Qe7 43. Qc8+ Kg7 44. Kh2 Qe8 45. Qb7+ Re7 46. Qb6 Qc8 47.
h4 Rb7 48. h5 Rxb6 49. Rxg6+ Kf7 50. cxb6 Ba6 51. Rd6 Ke7 52. Rg6 d4 53. h6 d3
54. Rg7+ Kf6 55. Rc7 Qf8 56. h7 d2 57. Rxc6+ Ke7 58. Rc7+ Kd6 0-1

[Event "Women's Speed Chess Q5"]
[Site "chess.com INT"]
[Date "2020.06.22"]
[Round "2"]
[White "Goltseva, Ekaterina"]
[Black "Nurmanova, Alua"]
[Result "1/2-1/2"]
[WhiteTitle "FM"]
[BlackTitle "WFM"]
[WhiteElo "2306"]
[BlackElo "2026"]
[WhiteFideId "24173770"]
[BlackFideId "13729390"]
[EventDate "2020.06.22"]

1. d4 Nf6 2. c4 g6 3. Nc3 Bg7 4. e4 d6 5. Nf3 O-O 6. h3 e5 7. d5 a5 8. Be3 Na6
9. g4 h5 10. g5 Nh7 11. Rg1 c6 12. Qd2 cxd5 13. Nxd5 Be6 14. Bb6 Qd7 15. Bxa5
Nc5 16. Nb6 Qc6 17. Nxa8 Nxe4 18. Qe3 Rxa8 19. Bd2 Nxd2 20. Nxd2 e4 21. Qxe4 d5
22. Qc2 dxc4 23. Bg2 Qb5 24. Be4 Nxg5 25. Rg3 h4 26. Re3 Nxe4 27. Nxe4 Qb4+ 28.
Nc3 Bf5 29. Qd2 Bh6 30. O-O-O Bxe3 31. Qxe3 b5 32. Qg5 Rc8 33. Rd8+ Rxd8 34.
Qxd8+ Qf8 35. Qxh4 b4 36. Nd5 Qc5 37. Ne7+ Kf8 38. Nxf5 Qxf5 39. Qxc4 Qxf2 40.
Qxb4+ Kg8 41. Qb8+ Kg7 42. Qe5+ Kh7 43. Qc3 Qf1+ 44. Kc2 Qf5+ 45. Kb3 Qb5+ 46.
Kc2 Qe2+ 47. Kb3 Qb5+ 48. Kc2 Qe2+ 49. Kb3 Qb5+ 1/2-1/2

[Event "Women's Speed Chess Q5"]
[Site "chess.com INT"]
[Date "2020.06.22"]
[Round "2"]
[White "Zhuravleva, Olga"]
[Black "Tsukerman, Julia"]
[Result "1-0"]
[WhiteTitle "WIM"]
[BlackTitle "WCM"]
[WhiteElo "2278"]
[BlackElo "1523"]
[WhiteFideId "4145933"]
[BlackFideId "2621649"]
[EventDate "2020.06.22"]

1. e4 c5 2. Nf3 d6 3. d4 cxd4 4. Nxd4 Nf6 5. Nc3 a6 6. Bd3 e5 7. Nb3 Be6 8. O-O
Be7 9. f4 exf4 10. Bxf4 Nc6 11. Kh1 d5 12. e5 Nd7 13. Qe2 Qc7 14. Rae1 d4 15.
Ne4 Ndxe5 16. Nec5 Bxb3 17. Bxe5 Nxe5 18. Qxe5 Qxe5 19. Rxe5 f6 20. Re4 Bd5 21.
Rxd4 Bc6 22. Re1 Rd8 23. Rxd8+ Kxd8 24. Ne6+ Kd7 25. Bf5 Kd6 26. Nd4 Rd8 27. c3
Be8 28. Re6+ Kd7 29. Rxf6+ Kc7 30. Re6 Bd6 31. g3 Bd7 32. Re3 Bxf5 33. Nxf5 g6
34. Nxd6 Rxd6 35. Re7+ Kc6 36. Rxh7 Rd1+ 37. Kg2 Rd2+ 38. Kh3 Rxb2 39. Rg7 Rxa2
40. Rxg6+ Kc5 41. Rg7 b5 42. Rc7+ Kd6 43. Ra7 Kd5 44. g4 Kc4 45. Rc7+ Kd3 46. g5
a5 47. g6 Ra1 48. Kh4 Rg1 49. Kh5 b4 50. cxb4 axb4 51. Rb7 Kc3 52. h4 b3 53. Kh6
b2 54. g7 Kc2 55. Kh7 b1=Q 56. Rxb1 Kxb1 57. g8=Q Rxg8 58. Kxg8 Kc2 59. h5 1-0

[Event "Women's Speed Chess Q5"]
[Site "chess.com INT"]
[Date "2020.06.22"]
[Round "2"]
[White "Khalafova, Narmin"]
[Black "De Seroux, Camille"]
[Result "1-0"]
[WhiteTitle "WGM"]
[BlackTitle "WIM"]
[WhiteElo "2279"]
[BlackElo "2137"]
[WhiteFideId "13402625"]
[BlackFideId "1305620"]
[EventDate "2020.06.22"]

1. e4 c5 2. Be2 Nc6 3. f4 g6 4. Nf3 Bg7 5. O-O d6 6. d3 Nf6 7. Qe1 O-O 8. Qh4 e6
9. Na3 Nd7 10. Qxd8 Rxd8 11. Nb5 Nf6 12. a4 b6 13. h3 Bb7 14. Be3 Nb4 15. Rac1
Na2 16. Rb1 a6 17. Na3 Nb4 18. c3 Nc6 19. Bf2 Nh5 20. g3 Rab8 21. Nd2 Nf6 22.
Ndc4 Ba8 23. e5 dxe5 24. fxe5 Nd7 25. d4 cxd4 26. cxd4 b5 27. axb5 axb5 28. Nd6
b4 29. Nac4 Nb6 30. Rbd1 Nd5 31. Be1 Bb7 32. Rxf7 Ba6 33. Rf1 Bxc4 34. Bxc4 Ne3
35. Bxe6+ Kh8 36. Nf7+ Kg8 37. Nxd8+ Kh8 38. Nxc6 Re8 39. Bd7 Ra8 40. e6 Nxd1
41. e7 Ne3 42. e8=Q+ Rxe8 43. Bxe8 Nxf1 44. Kxf1 Kg8 45. Ke2 Kf8 46. Bd7 Bf6 47.
Kd3 Kg7 48. Bxb4 h6 49. Bd6 g5 50. b4 h5 51. b5 h4 52. gxh4 gxh4 53. b6 Kh6 54.
b7 Kh5 55. b8=Q Bd8 56. Qb5+ Kh6 57. Bf4+ Kg6 58. Qf5+ Kg7 59. Be5+ Kg8 60. Qg6+ 1-0

[Event "Women's Speed Chess Q5"]
[Site "chess.com INT"]
[Date "2020.06.22"]
[Round "2"]
[White "Dordzhieva, Dinara"]
[Black "Ziegenfuss, Antonia"]
[Result "1/2-1/2"]
[WhiteTitle "WIM"]
[BlackTitle "WFM"]
[WhiteElo "2354"]
[BlackElo "2101"]
[WhiteFideId "24157570"]
[BlackFideId "12962554"]
[EventDate "2020.06.22"]

1. d4 Nf6 2. c4 e6 3. Nf3 d5 4. g3 dxc4 5. Bg2 Bd7 6. Ne5 Bc6 7. Nxc6 Nxc6 8. e3
Be7 9. Qa4 O-O 10. Qxc4 Nd5 11. O-O Qd7 12. Nc3 Rad8 13. Rd1 Nxc3 14. bxc3 Bf6
15. Rb1 Rb8 16. Qa4 a6 17. Ba3 Rfd8 18. Rxb7 Rxb7 19. Bxc6 Qc8 20. Bxb7 Qxb7 21.
Qc2 Rb8 22. Bb4 c6 23. e4 Bd8 24. e5 a5 25. Bd6 Qb2 26. Qa4 Rb6 27. Qc4 Qb5 28.
Qxb5 Rxb5 29. Rc1 Rb2 30. a3 f6 31. exf6 gxf6 32. Kg2 Bb6 33. Kf3 e5 34. Rf1
exd4 35. cxd4 Bxd4 36. h4 c5 37. h5 Rb3+ 38. Kg4 Rxa3 39. Rd1 Bxf2 40. Kf5 Bd4
41. Re1 Re3 42. Rb1 Re8 43. Rb7 Ra8 44. Rc7 a4 45. Bxc5 Be5 46. Rd7 a3 47. Bxa3
Rxa3 48. Rd8+ Kf7 49. Rd7+ Ke8 50. Rxh7 Rxg3 51. h6 Rh3 52. Kg6 Bf4 53. Rh8+ Ke7
54. h7 Be5 55. Ra8 f5 56. Ra7+ Ke6 57. Ra6+ Kd5 58. Kxf5 Rxh7 59. Ra5+ Kd4 60.
Ra4+ Kd5 61. Ra5+ Kd4 62. Ra4+ Kd5 63. Ra5+ 1/2-1/2

[Event "Women's Speed Chess Q5"]
[Site "chess.com INT"]
[Date "2020.06.22"]
[Round "2"]
[White "Martsynovskaya, Marina"]
[Black "Mamedjarova, Zeinab"]
[Result "1-0"]
[WhiteTitle "WIM"]
[BlackTitle "WGM"]
[WhiteElo "2046"]
[BlackElo "2274"]
[WhiteFideId "609218"]
[BlackFideId "13401521"]
[EventDate "2020.06.22"]

1. e4 e5 2. Bc4 Nc6 3. Nf3 Nf6 4. d3 Bc5 5. O-O O-O 6. h3 d6 7. c3 a6 8. Nbd2 b5
9. Bb3 Be6 10. Bc2 Bb6 11. Re1 Nh5 12. Nf1 Qf6 13. Bg5 Qg6 14. Kh2 h6 15. Bh4 f5
16. d4 Ne7 17. dxe5 Qe8 18. exd6 cxd6 19. Qxd6 Nc8 20. Qe5 Bc7 21. Qxc7 f4 22.
Qe5 g5 23. Bxg5 hxg5 24. Qxg5+ Ng7 25. Ne5 Nd6 26. Ng6 Rf7 27. Nxf4 Bd7 28. Nh5
Qe7 29. Qxe7 Rxe7 30. Nf6+ Kf8 31. Nxd7+ Rxd7 32. e5 Nc4 33. b3 Nb6 34. f4 Rc8
35. Re3 Nd5 36. Rd3 Rxc3 37. Rxc3 Nxc3 38. g4 Nd5 39. f5 Nb4 40. Be4 Rd4 41. Bg2
a5 42. Rc1 a4 43. Rc8+ Ne8 44. e6 Ke7 45. bxa4 bxa4 46. Ng3 Nxa2 47. Ra8 Nc3 48.
Ra7+ Kd8 49. g5 Nd5 50. f6 Ndxf6 51. gxf6 Nxf6 52. Nf5 Rd2 53. e7+ Kc8 54. Kg3
Rd3+ 55. Kf4 Rd4+ 56. Ke5 Rd2 57. Kxf6 a3 58. e8=Q+ 1-0

[Event "Women's Speed Chess Q5"]
[Site "chess.com INT"]
[Date "2020.06.22"]
[Round "2"]
[White "Solozhenkina, Elizaveta"]
[Black "Priyanka, K"]
[Result "1-0"]
[WhiteTitle "WIM"]
[BlackTitle "WIM"]
[WhiteElo "2301"]
[BlackElo "2218"]
[WhiteFideId "34106615"]
[BlackFideId "5082986"]
[EventDate "2020.06.22"]

1. e4 c5 2. c3 Nf6 3. e5 Nd5 4. d4 cxd4 5. cxd4 e6 6. Nf3 d6 7. Bd3 Nc6 8. a3
Be7 9. O-O O-O 10. Bd2 b6 11. Nc3 Nxc3 12. Bxc3 dxe5 13. dxe5 Bb7 14. Qc2 g6 15.
Rad1 Qc7 16. Rfe1 Rfd8 17. h4 Bf8 18. Ng5 Ne7 19. Ne4 Bxe4 20. Bxe4 Rxd1 21.
Rxd1 Rd8 22. h5 Bg7 23. f4 Bh6 24. g3 Nd5 25. hxg6 hxg6 26. Bxd5 Qc5+ 27. Qf2
Rxd5 28. Rxd5 Qxd5 29. Qe3 Bf8 30. Bd4 Qc4 31. Kf2 Qc2+ 32. Kf3 Qd1+ 33. Kf2 Be7
34. Kg2 Qc2+ 35. Kf3 Qc6+ 36. Qe4 Qxe4+ 37. Kxe4 Kf8 38. Kd3 Ke8 39. Kc4 Kd7 40.
Kb5 Kc7 41. Ka6 Kb8 42. b4 g5 43. Be3 gxf4 44. gxf4 Bh4 45. a4 Bg3 46. a5 bxa5
47. bxa5 Ka8 48. Bxa7 Bxf4 49. Bd4 Bg3 50. Kb5 Bf4 51. a6 Bg3 52. Kc6 Bf4 53.
Kd7 1-0

[Event "Women's Speed Chess Q5"]
[Site "chess.com INT"]
[Date "2020.06.22"]
[Round "2"]
[White "Kairbekova, Amina"]
[Black "Petrova, Irina"]
[Result "0-1"]
[WhiteTitle "WFM"]
[BlackTitle "WIM"]
[WhiteElo "2065"]
[BlackElo "2087"]
[WhiteFideId "13712799"]
[BlackFideId "14124122"]
[EventDate "2020.06.22"]

1. e4 d6 2. d4 Nf6 3. Nc3 e5 4. Nf3 Nbd7 5. Bc4 Be7 6. O-O O-O 7. Re1 c6 8. a4
h6 9. Be3 Re8 10. h3 Bf8 11. Qd2 Qc7 12. a5 exd4 13. Bxd4 Ne5 14. Nxe5 dxe5 15.
Be3 Be6 16. Qe2 Bb4 17. Bxe6 Rxe6 18. a6 b6 19. Qf3 Rd8 20. Red1 Bxc3 21. bxc3
Red6 22. Rxd6 Qxd6 23. Kh2 c5 24. c4 Qc6 25. Qg3 Qxe4 26. Bxh6 Nh5 27. Qg5 Qf4+
28. Qxf4 exf4 29. Bg5 f6 30. g4 fxg3+ 31. fxg3 fxg5 32. g4 Nf6 33. Re1 Kf7 34.
Re2 Rd4 35. Kg3 Rxc4 36. Kf3 Ra4 37. Rd2 Rxa6 38. Rd8 Ra3+ 39. Kg2 Rc3 40. Ra8
Rxc2+ 41. Kg3 c4 42. Rxa7+ Kg6 43. h4 gxh4+ 44. Kxh4 c3 45. g5 Rh2+ 46. Kg3 Rc2
47. gxf6 gxf6 48. Rb7 Rb2 49. Rc7 c2 50. Kf3 b5 51. Ke3 b4 52. Kd2 b3 53. Rc3
Rb1 54. Rg3+ Kf7 55. Rc3 Rd1+ 56. Ke2 c1=Q 57. Rxb3 Qd2+ 58. Kf3 Rf1+ 59. Kg4
Qg2+ 60. Rg3 Qe4+ 61. Kh3 Rh1# 0-1

[Event "Women's Speed Chess Q5"]
[Site "chess.com INT"]
[Date "2020.06.22"]
[Round "2"]
[White "Voit, Daria"]
[Black "Krasteva, Beloslava"]
[Result "1-0"]
[WhiteTitle "WGM"]
[BlackTitle "FM"]
[WhiteElo "2343"]
[BlackElo "2246"]
[WhiteFideId "4182146"]
[BlackFideId "2922029"]
[EventDate "2020.06.22"]

1. d4 d5 2. Nf3 Nf6 3. c4 e6 4. g3 Be7 5. Bg2 O-O 6. O-O dxc4 7. Qc2 a6 8. Qxc4
b5 9. Qc2 Bb7 10. Bd2 Be4 11. Qc1 Bb7 12. a3 Bd6 13. Rd1 Nbd7 14. Ba5 Rc8 15.
Ne5 Bxg2 16. Kxg2 Bxe5 17. dxe5 Nd5 18. Nc3 Nxc3 19. Qxc3 Qe7 20. Bxc7 Nxe5 21.
Qxe5 Qxc7 22. Qxc7 Rxc7 23. Rac1 Rxc1 24. Rxc1 Ra8 25. Kf3 Kf8 26. Rc7 Ke8 27.
Ke3 Rd8 28. Rc6 Ra8 29. Rb6 e5 30. Ke4 f6 31. Kd5 Rd8+ 32. Ke6 Ra8 33. h4 h5 34.
f3 Kf8 35. Kf5 Rd8 36. Rxa6 Rd2 37. Kg6 Rxb2 38. Ra8+ Ke7 39. Kxg7 Rxe2 40. Ra7+
Ke6 41. Ra6+ Ke7 42. Rxf6 Rg2 43. Rg6 Rf2 44. Rg5 Kd6 45. Rf5 Rg2 46. Rg5 Rf2
47. Rxh5 Rxf3 48. Rh6+ Kd5 49. g4 e4 50. Rh8 e3 51. Re8 Kd4 52. h5 Kd3 53. h6 e2
54. h7 Rh3 55. h8=Q Rxh8 56. Kxh8 Kd2 57. g5 e1=Q 58. Rxe1 Kxe1 59. g6 Kd2 60.
g7 Kc3 61. g8=Q Kb2 62. Qg3 1-0

[Event "Women's Speed Chess Q5"]
[Site "chess.com INT"]
[Date "2020.06.22"]
[Round "2"]
[White "Vantika, Agrawal"]
[Black "Kovacs, Klara"]
[Result "1-0"]
[WhiteTitle "WIM"]
[BlackTitle "WIM"]
[WhiteElo "2286"]
[BlackElo "2154"]
[WhiteFideId "25050389"]
[BlackFideId "733210"]
[EventDate "2020.06.22"]

1. d4 Nf6 2. c4 e6 3. g3 Be7 4. Bg2 O-O 5. Nf3 d5 6. O-O dxc4 7. Qc2 a6 8. a4
Bd7 9. Qxc4 Bc6 10. Bg5 Bxf3 11. Bxf3 c6 12. Nc3 h6 13. Bd2 Nbd7 14. a5 e5 15.
Rfd1 exd4 16. Qxd4 Nc5 17. Qc4 Qc8 18. Be3 Ne6 19. Na4 Qc7 20. Bb6 Qe5 21. h4
Qb5 22. Qc2 Rfe8 23. Nc3 Qe5 24. Na4 Bf8 25. Rd3 Nd5 26. Bxd5 cxd5 27. Rad1 d4
28. R1d2 Rac8 29. Qd1 Qb5 30. Bxd4 Nxd4 31. Rxd4 Qxa5 32. Nc3 b5 33. Rd5 Qb6 34.
Kg2 b4 35. Na4 Qb7 36. f3 g6 37. e4 Bg7 38. R2d3 a5 39. Rd7 Qb5 40. b3 Rf8 41.
R3d5 Qc6 42. h5 Qc2+ 43. Qxc2 Rxc2+ 44. Kh3 Rc1 45. hxg6 fxg6 46. Ra7 Rf7 47.
Rxf7 Bf8 48. Rxa5 Kxf7 49. Ra7+ Be7 50. f4 Rb1 51. Nc5 Rc1 52. Nd3 Rc3 53. Ne5+
Ke6 54. Nxg6 Rxb3 55. Nxe7 Rc3 56. Nd5 Rc4 57. Ra6+ Kd7 58. Rb6 Kd8 59. Rxb4
Rxb4 60. Nxb4 1-0

[Event "Women's Speed Chess Q5"]
[Site "chess.com INT"]
[Date "2020.06.22"]
[Round "2"]
[White "Berend, Elvira"]
[Black "Peycheva, Gergana"]
[Result "0-1"]
[WhiteTitle "WGM"]
[BlackTitle "FM"]
[WhiteElo "2326"]
[BlackElo "2255"]
[WhiteFideId "4000510"]
[BlackFideId "2916711"]
[EventDate "2020.06.22"]

1. d4 Nf6 2. c4 e6 3. g3 d5 4. Nf3 Be7 5. Bg2 O-O 6. O-O c6 7. Qc2 b6 8. Bf4 Bb7
9. Rd1 Nh5 10. Be3 Nd7 11. Nbd2 Rc8 12. a3 c5 13. dxc5 Bxc5 14. Bxc5 Rxc5 15. b4
Rc7 16. Qd3 Nhf6 17. cxd5 Nxd5 18. Ne4 N7f6 19. Nfg5 Nxe4 20. Nxe4 Qe7 21. Rac1
Rxc1 22. Rxc1 Rd8 23. Qb3 h6 24. h3 Ba6 25. Bf3 Qd7 26. Rd1 Qc7 27. Qa4 Bc8 28.
Kg2 Bd7 29. Qb3 Bc6 30. h4 Qd7 31. Qb2 Ne3+ 32. fxe3 Qxd1 33. Qe5 Bxe4 34. Qxe4
Qc1 35. Qe5 Qxa3 36. Qc7 Rf8 37. b5 Qxe3 38. Qxa7 Qc5 39. Qd7 e5 40. h5 e4 41.
Bxe4 Qxh5 42. Bf3 Qe5 43. Qc6 Qe3 44. Qd5 g6 45. Qd6 h5 46. Qd7 Re8 47. Qd5 Qe6
48. Qd3 Qf6 49. Qd7 Re5 50. Qc8+ Kg7 51. Qc6 Qxc6 52. bxc6 Rc5 53. Kf2 b5 54.
Ke3 b4 55. Kd4 Rc1 56. Bd5 Kf6 57. e4 Ke7 58. e5 b3 59. Bxb3 Rxc6 60. Bd5 Ra6
61. Ke4 Ra4+ 62. Kf3 Ra3+ 63. Kf4 Ra4+ 64. Kf3 Rd4 65. Ba2 f6 66. exf6+ Kxf6 67.
Bb1 Rb4 68. Bc2 g5 69. Bh7 g4+ 70. Kg2 Kg5 71. Bd3 Rb2+ 72. Kg1 h4 73. gxh4+
Kxh4 74. Be4 Kg3 75. Kf1 Ra2 76. Bd5 Ra1+ 77. Ke2 Kh2 0-1